Cuban Missile Crisis : film archive.
This programme features eleven extracts from various film archive sources on the Cuban Missile Crisis, covering three themes: The Crisis Builds, Kennedy in Action and Winners or Losers. All the extracts are selected by Ben Walsh. There are clips from the following films: One Week in October a Defenc...
| Corporate Author: | |
|---|---|
| Format: | Video |
| Language: | English |
| Language Notes: | This edition in English. |
| Published: |
[England] :
Teachers TV/UK Dept. of Education,
2005.
|
| Series: | Education in video
KS4 history for pupils ; 1 |
| Subjects: | |
| Online Access: | Connect to this streaming video (Alexander Street Press) |
MARC
| Tag | First Indicator | Second Indicator | Subfields |
|---|---|---|---|
| LEADER | 00000cgm a2200000Ma 4500 | ||
| 001 | in00005543883 | ||
| 006 | m o c | ||
| 007 | cr |n|---||a|a | ||
| 007 | vz |zazu| | ||
| 008 | 120229s2005 enk014 o vleng d | ||
| 005 | 20241201230104.8 | ||
| 035 | |a (OCoLC)ocn808818046 | ||
| 040 | |a ALSTP |b eng |e pn |c ALSTP |d OCLCO |d OCLCQ |d VMC |d OCLCQ |d OCLCA |d OCLCF |d OCLCQ |d OCLCA |d OCLCQ |d OCLCO |d OCL |d OCLCA |d OCLCQ |d MNI |d INT |d OCLCQ |d WYU |d OCLCA |d OCL |d ORU |d OCLCO |d UHL |d OCLCL | ||
| 019 | |a 1113479100 |a 1269046705 |a 1273002363 |a 1373464711 |a 1406313047 |a 1412630431 |a 1418765815 |a 1430817781 |a 1443972706 | ||
| 035 | |a (OCoLC)808818046 |z (OCoLC)1113479100 |z (OCoLC)1269046705 |z (OCoLC)1273002363 |z (OCoLC)1373464711 |z (OCoLC)1406313047 |z (OCoLC)1412630431 |z (OCoLC)1418765815 |z (OCoLC)1430817781 |z (OCoLC)1443972706 | ||
| 050 | 4 | |a AE5 |b .A940 Internet | |
| 049 | |a TXAM | ||
| 245 | 0 | 0 | |a Cuban Missile Crisis : |b film archive. |
| 260 | |a [England] : |b Teachers TV/UK Dept. of Education, |c 2005. | ||
| 300 | |a 1 online resource (14 min.). | ||
| 306 | |a 001408 | ||
| 336 | |a two-dimensional moving image |b tdi |2 rdacontent | ||
| 337 | |a computer |b c |2 rdamedia | ||
| 338 | |a online resource |b cr |2 rdacarrier | ||
| 347 | |a data file |2 rda | ||
| 490 | 0 | |a Education in video | |
| 490 | 0 | |a KS4 history for pupils ; |v 1 | |
| 500 | |a Title from resource description page (viewed Mar. 5, 2012). | ||
| 520 | |a This programme features eleven extracts from various film archive sources on the Cuban Missile Crisis, covering three themes: The Crisis Builds, Kennedy in Action and Winners or Losers. All the extracts are selected by Ben Walsh. There are clips from the following films: One Week in October a Defence Department documentary, 1964 Duck and Cover a public information film from 1951Kennedy's TV address to the nation, October 22 1962 Cuban Crisis newsreel from 1962 Blockade Lifted newsreel from 1962. | ||
| 546 | |a This edition in English. | ||
| 650 | 0 | |a Cuban Missile Crisis, 1962. | |
| 650 | 0 | |a History |x Study and teaching. | |
| 650 | 6 | |a Crise de Cuba, oct. 1962. | |
| 650 | 6 | |a Histoire |x Étude et enseignement. | |
| 650 | 7 | |a History |x Study and teaching. |2 fast |0 (OCoLC)fst00958303 | |
| 647 | 7 | |a Cuban Missile Crisis |d (1962) |2 fast |0 (OCoLC)fst00884799 |1 https://id.oclc.org/worldcat/entity/E39Qhp4vBbd6k6g9wJThW7KvYX | |
| 648 | 7 | |a 1962 |2 fast | |
| 655 | 4 | |a Alexander Street Video. | |
| 655 | 7 | |a Instructional television programs. |2 fast |0 (OCoLC)fst01726126 | |
| 655 | 7 | |a Nonfiction television programs. |2 fast |0 (OCoLC)fst01710270 | |
| 655 | 7 | |a Nonfiction television programs. |2 lcgft | |
| 655 | 7 | |a Instructional television programs. |2 lcgft | |
| 655 | 7 | |a Émissions télévisées autres que de fiction. |2 rvmgf | |
| 655 | 7 | |a Émissions pédagogiques télévisées. |2 rvmgf | |
| 710 | 2 | |a Double Exposure/Flashback TV. |4 pro | |
| 776 | 0 | 8 | |i Print version: |t Cuban Missile Crisis. |d [England] : Teachers TV/UK Dept. of Education, 2005 publisher catalog number |o C/0460/001 |
| 856 | 4 | 0 | |u http://proxy.library.tamu.edu/login?url=https://www.aspresolver.com/aspresolver.asp?AVN2;1781078 |z Connect to this streaming video (Alexander Street Press) |t 0 |
| 955 | |a Alexander Street Press subscription streaming video | ||
| 994 | |a 92 |b TXA | ||
| 999 | f | f | |s 7d7d9606-6194-4770-9724-07154f0b9a2c |i 18df7b17-7d73-4c47-a145-89f49823a2d5 |t 0 |
| 952 | f | f | |a Texas A&M University |b College Station |c Electronic Resources |d Available Online |t 0 |e AE5 .A940 Internet |h Library of Congress classification |
| 998 | f | f | |a AE5 .A940 Internet |t 0 |l Available Online |